000 00355nam a2200109Ia 4500
008 160531s9999 xx 000 0 und d
100 _aMiyata, Mikiji.
245 _aAdvances In Organic Crystal Chemistry: Comprehensive Reviews
245 _cBy:Mikiji Miyata, Rui Tamura
260 _c2015
856 _uhttp://file.ebook777.com/005/AdvInOrgCryCheComRev.pdf
999 _c295057
_d295057